000 00609nam a22002297a 4500
001 34286
003 UA-OsUOA
005 20220710153205.0
007 ta
008 20050927b un ||||| |||| 00| 0 ukr d
040 _aUA-OsUOA
_brus
_cUA-OsUOA
_dUA-OsUOA
041 _arus
080 _a821.112.2
090 _a821.112.2
_bЦ26
100 _aЦвейг С.
245 _aМария Стюарт
260 _aМ.
_bИностранной литературы
_c1960
300 _a398 с.
650 7 _a82 Література. Літературознавство
_2UDC
942 _cBK
_2udc
955 _a3
999 _c320721
_d320721